Digital systems : (Record no. 6275)

MARC details
000 -LEADER
fixed length control field 02186cam a22004094a 4500
001 - CONTROL NUMBER
control field 43076897
003 - CONTROL NUMBER IDENTIFIER
control field OCoLC
005 - DATE AND TIME OF LATEST TRANSACTION
control field 20190116143041.0
006 - FIXED-LENGTH DATA ELEMENTS--ADDITIONAL MATERIAL CHARACTERISTICS
fixed length control field m f b
007 - PHYSICAL DESCRIPTION FIXED FIELD--GENERAL INFORMATION
fixed length control field co cgu---uuuuu
008 - FIXED-LENGTH DATA ELEMENTS--GENERAL INFORMATION
fixed length control field 991213t20012001njua 001 0 eng
015 ## - NATIONAL BIBLIOGRAPHY NUMBER
National bibliography number GBA055080
Source bnb
020 ## - INTERNATIONAL STANDARD BOOK NUMBER
International Standard Book Number 0130856347
020 ## - INTERNATIONAL STANDARD BOOK NUMBER
International Standard Book Number 9780130856340
035 ## - SYSTEM CONTROL NUMBER
System control number (OCoLC)43076897
Canceled/invalid control number (OCoLC)122973932
-- (OCoLC)316330942
040 ## - CATALOGING SOURCE
Original cataloging agency DLC
Language of cataloging eng
Transcribing agency DLC
Modifying agency UKM
-- C#P
-- UGX
-- FVC
-- YDXCP
-- IG#
-- STF
-- HEBIS
-- DEBBG
-- XVF
-- OCLCF
-- OCLCO
-- I8M
-- OCLCQ
-- UtOrBLW
042 ## - AUTHENTICATION CODE
Authentication code pcc
050 00 - LIBRARY OF CONGRESS CALL NUMBER
Classification number TK7868.D5
Item number T62 2001
082 00 - DEWEY DECIMAL CLASSIFICATION NUMBER
Classification number 621.38
Edition number 21
Item number T631D
100 1# - MAIN ENTRY--PERSONAL NAME
Personal name Tocci, Ronald J
245 10 - TITLE STATEMENT
Title Digital systems :
Remainder of title principles and applications /
Statement of responsibility, etc. Ronald J. Tocci, Neal S. Widmer
250 ## - EDITION STATEMENT
Edition statement Eighth edition
264 #1 - PRODUCTION, PUBLICATION, DISTRIBUTION, MANUFACTURE, AND COPYRIGHT NOTICE
Place of production, publication, distribution, manufacture Upper Saddle River, N.J. :
Name of producer, publisher, distributor, manufacturer Prentice Hall,
Date of production, publication, distribution, manufacture, or copyright notice [2001]
264 #4 - PRODUCTION, PUBLICATION, DISTRIBUTION, MANUFACTURE, AND COPYRIGHT NOTICE
Date of production, publication, distribution, manufacture, or copyright notice ©2001
300 ## - PHYSICAL DESCRIPTION
Extent xxvi, 881 pages :
Other physical details illustrations ;
Dimensions 26 cm +
Accompanying material 1 computer optical disc (4 3/4 in.)
336 ## - CONTENT TYPE
Content type term text
Content type code txt
Source rdacontent
337 ## - MEDIA TYPE
Media type term unmediated
Media type code n
Source rdamedia
338 ## - CARRIER TYPE
Carrier type term volume
Carrier type code nc
Source rdacarrier
505 0# - FORMATTED CONTENTS NOTE
Formatted contents note 1. Introductory concepts -- 2. Number systems and codes -- 3. Logic gates and Boolean algebra -- 4. Combinational logic circuits -- 5. Flip-flops and related devices -- 6. Digital arithmetic: operations and circuits -- 7. Counters and registers -- 8. Integrated-circuit logic families -- 9. MSI logic circuits -- 10. Interfacing with the analog world -- 11. Memory devices -- 12. Applications of a programmable logic device -- Appendix A. Introduction to the microprocessor and the microcomputer -- Appendix B. Manufacturers' IC data sheets
505 1# - FORMATTED CONTENTS NOTE
Formatted contents note [Disco 1]. Electronics Workbench Circuit Files, CircuitMaker Circuit Files & Student Version Software, Demo Version of CUPl to accompany Digital Systems -- [Disco 2.] Texas Instruments Data Sheets to accompany Digital Systems
538 ## - SYSTEM DETAILS NOTE
System details note System requirements are not noted
650 #0 - SUBJECT ADDED ENTRY--TOPICAL TERM
Topical term or geographic name entry element Digital electronics
650 #4 - SUBJECT ADDED ENTRY--TOPICAL TERM
Topical term or geographic name entry element Electrónica digital
700 1# - ADDED ENTRY--PERSONAL NAME
Personal name Widmer, Neal S
776 08 - ADDITIONAL PHYSICAL FORM ENTRY
Relationship information Online version:
Main entry heading Tocci, Ronald J.
Title Digital systems.
Edition 8th ed.
Place, publisher, and date of publication Upper Saddle River, N.J. : Prentice Hall, ©2001
Record control number (OCoLC)742079405
942 ## - ADDED ENTRY ELEMENTS (KOHA)
Source of classification or shelving scheme Dewey Decimal Classification
Koha item type Books
Holdings
Withdrawn status Lost status Source of classification or shelving scheme Damaged status Not for loan Collection code Home library Current library Shelving location Date acquired Cost, normal purchase price Total Checkouts Full call number Barcode Date last seen Price effective from Koha item type
    Dewey Decimal Classification     Non-fiction Harvest Mission College Harvest Mission College General Stacks 16.01.2019 5600.00   621.38 T631D 006882 16.01.2019 16.01.2019 Books

OPAC Designed and Maintained by HMC Library Team.
Copyright © HMC Library,Greater Noida, UP.
For any Suggestions/Query Contact library via Email:libhmc@gmail.com